Face à Face entre la Belgique et la France. - Statistiques

Statistiques générales
  • Ce quiz a été pris 255 fois
  • Le résultat moyen est 21 sur 32
Statistiques - réponses
Question Tuile Select % Correct
Quel pays est le plus connu ? Non
98%
Quel pays est le plus connu ? Oui
98%
Quel pays a la plus grande superficie ? Non
98%
Quel pays a la plus grande superficie ? Oui
98%
Qui a reçu le plus de médaille d'or aux jeux olympiques ? Oui
96%
Quel pays compte le moins de visiteurs chaque année ? Oui
95%
Quel pays a gagné le plus de trophées dans tous les sports ? Non
95%
Quel pays a gagné le plus de trophées dans tous les sports ? Oui
95%
Qui a reçu le plus de médaille d'or aux jeux olympiques ? Non
94%
Quel pays compte le moins de visiteurs chaque année ? Non
94%
Quel pays a le plus de langues officielles ? Oui
94%
Quel pays a le plus de langues officielles ? Non
93%
Quel pays compte le plus de provinces ou départements ? Oui
93%
Quel pays compte le plus de provinces ou départements ? Non
92%
Quel pays a le plus d'utilisateurs Jetpunk ? Non
91%
Quel pays a le plus d'utilisateurs Jetpunk ? Oui
91%
Quel pays compte le moins de personnes sans abris ? Oui
88%
Dans quel pays y a-t-il le plus d'animaux abandonnés ? Oui
86%
Quel pays compte le moins de personnes sans abris ? Non
86%
Dans quel pays y a-t-il le plus d'animaux abandonnés ? Non
84%
Dans quel pays y a-t-il le plus de taux d'obésité ? Oui
47%
Dans quel pays y a-t-il le plus de taux d'obésité ? Non
44%
Quel est mon pays d'origine ? Oui
30%
Quel est mon pays d'origine ? Non
29%
Quel est le pays que je préfère ? Oui
28%
Quel pays a eu son indépendance totale le plus rapidement ? Oui
23%
Quel est le pays que je préfère ? Non
23%
Quel pays a eu son indépendance totale le plus rapidement ? Non
21%
En football, quelle équipe a le plus gagné au final de toutes les rencontres ? Oui
11%
En football, quelle équipe a le plus gagné au final de toutes les rencontres ? Non
11%
Au final de toutes ces questions qui a gagné ? Oui
11%
Au final de toutes ces questions qui a gagné ? Non
9%
Aucun quiz correspondant
Distribution des résultats
% des personnes avec chaque résultat
Percentile par nombre de réponses
Votre historique - résultats
Vous n’avez pas pris ce quiz